| 000 | 01919nam0a2200325 4500 | ||
|---|---|---|---|
| 001 | RU\NLR\BIBL_A\022765131 | ||
| 005 | 20260531092043.0 | ||
| 010 |
_a978-5-907977-74-7 _9500 |
||
| 021 |
_aRU _bКН-П-26-006848 _9КН-П-26-0665 |
||
| 035 | _a(NLR Aleph) 022765131 | ||
| 090 |
_a13713841 _c13713841 |
||
| 100 | _a20260325d2025 k y0rusy50 ca | ||
| 101 | 0 | _arus | |
| 102 | _aRU | ||
| 105 | _aa j 000yy | ||
| 181 | 0 |
_ai3 _baxxe |
|
| 182 | 0 | _an | |
| 200 | 1 |
_aМашины для основной обработки почвы _eучебное пособие _eдля обучающихся по направлению подготовки 35.03.06 Агроинженерия, направленность "Технические системы в агробизнесе" _fС. К. Папуша, А. Э. Богус _gМинистерство сельского хозяйства Российской Федерации, ФГБОУ ВО "Кубанский государственный аграрный университет имени И. Т. Трубилина" |
|
| 203 |
_aТекст _bвизуальный _cнепосредственный |
||
| 210 |
_aКраснодар _cКубГАУ _d2025 |
||
| 215 |
_a102 с. _cил. _d20 |
||
| 320 | _aБиблиогр.: с. 99-100 (17 назв.) | ||
| 606 | 1 |
_aПочвообрабатывающие машины и орудия _jУчебные издания для высших учебных заведений _91170709 _3RU\NLR\AUTH\66152026 |
|
| 686 | 1 | _aП072.2я73 | |
| 700 | 1 |
_aПапуша _bС. К. _cканд. техн. наук _gСергей Константинович _9227447 _3RU\NLR\AUTH\770227503 |
|
| 701 | 1 |
_aБогус _bА. Э. _cпреподаватель, агроинженерия _gАзамат Эдуардович _9227451 _3RU\NLR\AUTH\770227507 |
|
| 942 | _cBOOK | ||
| 980 | _aNB | ||